01048 a2200205 4500003000500000005001700005010001700022020003600039040000900075082001000084100002600094245010000120260004800220300002800268505032800296650002400624651001100648856009100659856009200750Nust20170207154047.0 a 2008002753 a9780470177464 (acid-free paper) cNust00a658.41 aStern, Lewis Richard.10aExecutive coaching :building and managing your professional practice -(E-BOOK)cLewis R. Stern. aHoboken, N.J. :bJohn Wiley & Sons,cc2008. axviii, 237 p. ;c25 cm. aIs Executive Coaching Right for You? (Page-1) Assessing Your Competencies as a Professional (Page-27) Building and Marketing Your Value Proposition (Page-83) Assembling and Managing the Building Blocks (Page-109) Transitioning into Executive Coaching from Other (Page-153) A Plan for Your Professional Executive (Page-171) 0aExecutive coaching. aE-BOOK423Publisher descriptionuhttp://www.loc.gov/catdir/enhancements/fy0810/2008002753-d.html423Table of contents onlyuhttp://www.loc.gov/catdir/enhancements/fy0810/2008002753-t.html